LEADER 00942cam0-2200325---450- 001 990004790170403321 005 20090116125210.0 035 $a000479017 035 $aFED01000479017 035 $a(Aleph)000479017FED01 035 $a000479017 100 $a19990604d1962----km-y0itay50------ba 101 0 $aeng 102 $aGB 105 $a----a---001gy 200 1 $aEnglands helicon$fedited from the edition of 1600 with additional poems from the edition of 1614 by Hugh MacDonald 205 $a2nd impr. 210 $aLondon$cRoutledge and Kegan Paul$d1962 215 $aXXVIII, 260 p.$d17 cm 610 0 $aPoesia inglese$a1500-1700 610 0 $aPoesia pastorale inglese 676 $a821.3 702 1$aMacdonald,$bHugh 801 0$aIT$bUNINA$c20070312$gRICA$2UNIMARC 901 $aBK 912 $a990004790170403321 952 $a821.3 MAC 1$fFLFBC 959 $aFLFBC 996 $aEnglands helicon$9561910 997 $aUNINA LEADER 01798nas 22004573a 450 001 9910338730803321 005 20260218110811.0 011 $a1901-0990 035 $a(DE-599)ZDB2240896-4 035 $a(CKB)958480168413 035 $a(CONSER)sn-93002909- 035 $a(DE-599)2240896-4 035 $a(EXLCZ)99958480168413 100 $a19930331a19899999 --- a 101 0 $aeng 181 $ctxt$2rdacontent 182 $cc$2rdamedia 183 $acr$2rdacarrier 200 00$aScandinavian journal of information systems 210 $aAalborg, Denmark $cInformation Systems Group, Dept. of Mathematics and Computer Science, Institute of Electronic Systems, University of Aalborg 215 $a1 online resource 300 $aRefereed/Peer-reviewed 311 08$aPrint version: Scandinavian journal of information systems. 0905-0167 (DLC)sn 93002909 (OCoLC)27835470 531 0 $aScand. j. inf. syst. 606 $aInformation technology$xResearch$zScandinavia$vPeriodicals 606 $aInformation technology$xResearch$2fast$3(OCoLC)fst00973126 606 $aInformationssystem$2swd 606 $aZeitschrift$2swd 607 $aScandinavia$2fast$1https://id.oclc.org/worldcat/entity/E39PBJpPCGQRXGcPmdjv6cCRKd 608 $aPeriodicals.$2fast 608 $aPeriodicals.$2lcgft 615 0$aInformation technology$xResearch 615 7$aInformation technology$xResearch. 615 07$aInformationssystem. 615 07$aZeitschrift. 712 02$aAalborg universitetscenter.$bInstitut for elektroniske systemer.$bDepartment of Mathematics and Computer Science.$bInformation Systems Group. 906 $aJOURNAL 912 $a9910338730803321 920 $aexl_impl conversion 996 $aScandinavian journal of information systems$92040692 997 $aUNINA